000 00437nam a2200145Ia 4500
008 090124s9999 xx 000 0 und d
082 _b206981
245 _aLEADERSHIP WISDOM FROM THE MONK WHO SOLD HIS FERRARI
250 _a1
260 _bSHARMA ROBIN
_c2005
300 _a254
630 _aLEADERSHIP WISDOM FROM THE MONK WHO SOLD HIS FERRARI
730 _aLEADERSHIP WISDOM FROM THE MONK WHO SOLD HIS FERRARI
942 _cBOOK
999 _c188977
_d188977